000 00332nam a2200133Ia 4500
008 240624s9999 xx 000 0 und d
041 _aeng
082 _a330 PUT
100 _aPUTNAM BLUFORD H
245 _aECONOMICS GONE ASTRAY
260 _c2019
_aNew Jersey
_bWS Professional
300 _axxii, 250 p.; 23 cm.
365 _c
_b25
999 _c31977
_d31977